| 000 | 00464cam a22001575a 4500 | ||
|---|---|---|---|
| 001 | J101004 | ||
| 008 | 000000s1933 xxk 000 0 eng u | ||
| 035 | _a(Sirsi) u101004 | ||
| 110 |
_aAuctioneers' and Estate Agents' Institute of the United Kingdom _93789 |
||
| 245 | _aMemorandum and articles of association as adopted 8th December 1933. | ||
| 260 | _c1933 | ||
| 300 | _a32p. | ||
| 651 | 4 |
_aUnited Kingdom _y |
|
| 690 | _aBusiness and management | ||
| 942 | _n0 | ||
| 999 |
_c99977 _d99977 |
||